[Event "Challenge"]
[Site "http://www.queenalice.com/game.php?id=804232"]
[Date "2010.7.16"]
[Round "-"]
[White "TomasLobos"]
[Black "Milpat"]
[Result "0-1"]
[WhiteElo "1662"]
[BlackElo "1778"]

1. d4 Nf6 2. Nc3 d5 3. e3 g6 4. Nf3 Bg7 5. Bd3 O-O 6. e4 dxe4 7. Nxe4 Bg4 8. O-O
Nbd7 9. h3 Bxf3 10. Qxf3 Nxe4 11. Bxe4 c6 12. d5 Ne5 13. Qf4 cxd5 14. Rd1 e6 15.
b3 Qf6 16. Qxf6 Bxf6 17. Bh6 dxe4 18. Bxf8 Kxf8 19. Re1 Rc8 20. Rac1 Bg5 21.
Rcd1 f5 22. Rd6 Rxc2 23. Rxe6 Nd3 24. Rf1 Nxf2 25. Rxf2 Be3 26. g3 Rxf2 27. Rd6
Rd2+ 0-1

[Event "Challenge"]
[Site "http://www.queenalice.com/game.php?id=804410"]
[Date "2010.7.16"]
[Round "-"]
[White "Milpat"]
[Black "guillermo"]
[Result "1-0"]
[WhiteElo "1823"]
[BlackElo "1793"]

1. Nf3 g6 2. g3 Bg7 3. Bg2 Nf6 4. O-O c6 5. c4 O-O 6. d4 d5 7. Nc3 Bg4 8. Ne5
Bd7 9. cxd5 cxd5 10. Nxd5 Nxd5 11. Bxd5 Nc6 12. Nxf7 1-0

[Event "Challenge"]
[Site "http://www.queenalice.com/game.php?id=844700"]
[Date "2010.10.12"]
[Round "-"]
[White "julianomachado"]
[Black "Milpat"]
[Result "0-1"]
[WhiteElo "1719"]
[BlackElo "1866"]

1. e4 d5 2. exd5 Qxd5 3. Nc3 Qd6 4. d4 Nf6 5. Bg5 a6 6. Nf3 Bg4 7. Be2 Nbd7 8.
h3 Bh5 9. O-O h6 10. Bxf6 Nxf6 11. a3 O-O-O 12. Na4 g5 13. c4 Bxf3 14. Bxf3 Qxd4
15. Qxd4 Rxd4 16. b3 Bg7 17. Rad1 Rhd8 18. Rxd4 Rxd4 19. Nc5 c6 20. Bh5 Nxh5 0-1

[Event "Challenge"]
[Site "http://www.queenalice.com/game.php?id=866263"]
[Date "2010.12.1"]
[Round "-"]
[White "Milpat"]
[Black "shivaroxxx"]
[Result "1/2-1/2"]
[WhiteElo "1889"]
[BlackElo "1100"]

1. e4 e5 2. f4 Bc5 3. Nf3 d6 4. Bc4 Nf6 5. d3 Nc6 6. c3 Qe7 7. a3 Be6 8. fxe5
dxe5 9. Qb3 Bxc4 10. Qxc4 O-O-O 11. b4 Bb6 12. a4 a6 13. a5 Ba7 14. b5 axb5 15.
Qxb5 Qc5 16. Qxc5 Bxc5 17. Ke2 Nd7 18. Nbd2 Ndb8 19. Ng5 Rd7 20. Rf1 Nd8 21. Nc4
f6 22. Nf3 Ne6 23. Nfxe5 fxe5 24. Nxe5 Re7 25. Be3 Rhe8 26. d4 Bd6 27. Nc4 Nxd4+
28. cxd4 Rxe4 29. Nxd6+ cxd6 30. Rfc1+ Kd7 31. Rc3 Rxd4 32. Rac1 Na6 33. Kf2 Rd5
34. Bb6 Nc5 35. Bxc5 dxc5 36. Rxc5 Rxc5 37. Rxc5 Kd6 38. Rf5 Re6 39. Kg3 Rg6+
40. Kh3 Rf6 41. Rg5 g6 42. Rb5 Kc7 1/2-1/2

[Event "Challenge"]
[Site "http://www.queenalice.com/game.php?id=916895"]
[Date "2011.3.24"]
[Round "-"]
[White "shivaroxxx"]
[Black "Milpat"]
[Result "0-1"]
[WhiteElo "1100"]
[BlackElo "1893"]

1. e4 Nf6 2. e5 Nd5 3. d4 d6 4. c4 Nb6 5. Nf3 Bg4 6. exd6 cxd6 7. h3 Bxf3 8.
Qxf3 Nc6 9. Be3 g6 10. Nc3 Bg7 11. Rd1 O-O 12. Be2 e6 13. O-O d5 14. c5 Nd7 15.
b4 Nxb4 16. Rb1 Nc6 17. Rfd1 Qh4 18. Nb5 a6 19. Nd6 Nxd4 20. Bxd4 Bxd4 21. Rxd4
Qxd4 22. Rxb7 Ne5 23. Qe3 Qxe3 24. fxe3 Rfd8 25. c6 Nxc6 26. Nxf7 Rdb8 27. Nh6+
Kh8 28. Rd7 Ne5 29. Re7 Re8 30. Rb7 Rab8 31. Rc7 a5 32. a4 Rb1+ 33. Kh2 Re1 34.
Bb5 Rf8 35. Ra7 Rxe3 0-1

[Event "Welcome to QA"]
[Site "http://www.queenalice.com/game.php?id=920627"]
[Date "2011.4.1"]
[Round "-"]
[White "Gianuzio"]
[Black "Milpat"]
[Result "0-1"]
[WhiteElo "1745"]
[BlackElo "1889"]

1. e4 Nf6 2. e5 Nd5 3. c4 Nb6 4. d4 d6 5. f4 dxe5 6. fxe5 Nc6 7. Be3 Bf5 8. Nc3
e6 9. Nf3 Qd7 10. Be2 O-O-O 11. O-O f6 12. a3 Qe8 13. c5 Nd7 14. Qa4 fxe5 15.
Nxe5 Ndxe5 16. dxe5 Qg6 17. Kh1 Bc2 18. b3 Bd3 19. Rf2 Be7 20. Bf3 Nxe5 21. Qxa7
Nxf3 22. Rxf3 e5 23. Qa8+ Kd7 24. Qxb7 Qc6 25. Qxc6+ Kxc6 26. b4 Bf6 27. Rc1
Rhe8 28. b5+ Bxb5 29. Ne4 Rf8 30. h3 Rd3 31. Nc3 Ba6 32. Bg1 Rxf3 33. gxf3 Bg5
34. Rd1 Rxf3 35. Ne4 Bf4 36. Kg2 Rxa3 37. h4 Bc4 38. Ng5 h6 39. Nh3 Bd5+ 0-1

[Event "Challenge"]
[Site "http://www.queenalice.com/game.php?id=920638"]
[Date "2011.4.1"]
[Round "-"]
[White "stevelco"]
[Black "Milpat"]
[Result "0-1"]
[WhiteElo "2166"]
[BlackElo "1905"]

1. e4 Nf6 2. e5 Nd5 3. d4 d6 4. Bc4 Nb6 5. Bb3 Nc6 6. e6 fxe6 7. Nf3 d5 8. Ng5
Qd6 9. c3 e5 10. Qf3 Be6 11. O-O O-O-O 12. Nxe6 Qxe6 13. Re1 e4 14. Qg3 Qf6 15.
Bf4 Rd7 16. a4 Na5 17. Bc2 e6 18. Be5 Bd6 19. b3 Bxe5 20. dxe5 Qf8 21. Nd2 Rf7
22. Qe3 Kb8 23. f3 exf3 24. Nxf3 Qe7 25. Ng5 Rff8 26. Rf1 h6 27. Rxf8+ Rxf8 28.
Nh7 Rd8 29. g4 Nd7 30. g5 Nc6 31. b4 Ncxe5 32. gxh6 gxh6 33. Qxh6 Rg8+ 34. Kh1
Ng4 35. Qd2 Nde5 36. Qf4 Qh4 37. Rf1 a6 38. Qg3 Qxg3 39. hxg3 Ne3 40. Rc1 Rxg3
0-1

[Event "Challenge"]
[Site "http://www.queenalice.com/game.php?id=920716"]
[Date "2011.4.2"]
[Round "-"]
[White "Milpat"]
[Black "CarlosKerber"]
[Result "1-0"]
[WhiteElo "1899"]
[BlackElo "1590"]

1. e4 e6 2. d4 d5 3. Nc3 Bb4 4. e5 c5 5. a3 Bxc3+ 6. bxc3 Ne7 7. Qg4 Ng6 8. h4
h5 9. Qg3 c4 10. Nf3 O-O 11. Be2 Nc6 12. Ng5 Nce7 13. Bxh5 Nf5 14. Qh3 1-0

[Event "Generations game!"]
[Site "http://www.queenalice.com/game.php?id=921623"]
[Date "2011.4.4"]
[Round "-"]
[White "bbbrian"]
[Black "Milpat"]
[Result "1-0"]
[WhiteElo "2201"]
[BlackElo "1912"]

1. d4 Nf6 2. c4 e6 3. g3 c5 4. Nf3 cxd4 5. Nxd4 Bc5 6. Bg2 Qb6 7. e3 h5 8. Nc3
a6 9. a3 Qc7 10. Qe2 Nc6 11. Nxc6 bxc6 12. b4 Ba7 13. Bb2 Kf8 14. Rc1 Rb8 15.
Ne4 Ng4 16. c5 a5 17. Bc3 axb4 18. axb4 Rb5 19. Nd6 1-0

[Event "tigers fight!"]
[Site "http://www.queenalice.com/game.php?id=938446"]
[Date "2011.5.15"]
[Round "-"]
[White "Henderb"]
[Black "Milpat"]
[Result "1-0"]
[WhiteElo "2041"]
[BlackElo "1903"]

1. d4 Nf6 2. c4 c5 3. d5 b5 4. cxb5 a6 5. Nc3 g6 6. g3 Bg7 7. Bg2 d6 8. Nh3 axb5
9. Nxb5 Qa5+ 10. Nc3 Ne4 11. Bxe4 Bxh3 12. Bd2 O-O 13. e3 Qb4 14. Qc2 Nd7 15. a3
Qb7 16. Rb1 Ne5 17. f4 Nc4 18. Bd3 Bg2 19. Bxc4 Bxh1 20. Kf2 e6 21. Rxh1 Bxc3
22. Bxc3 exd5 23. Qb3 Qxb3 24. Bxb3 c4 25. Bd1 Rab8 26. Bf3 Rb5 27. Rd1 1-0

[Event "Challenge"]
[Site "http://www.queenalice.com/game.php?id=961132"]
[Date "2011.7.17"]
[Round "-"]
[White "Milpat"]
[Black "shivaroxxx"]
[Result "1-0"]
[WhiteElo "1895"]
[BlackElo "1100"]

1. e4 e5 2. Nf3 Nc6 3. d4 exd4 4. Bc4 Nf6 5. e5 Ne4 6. O-O Be7 7. Re1 d5 8. exd6
Nxd6 9. Bd3 O-O 10. Bf4 Bf5 11. Bxd6 Bxd3 12. Bxe7 Nxe7 13. Qxd3 c5 14. Nbd2 Rc8
15. a4 Rc6 16. Nc4 f6 17. Qb3 Qc7 18. Nxd4 cxd4 19. Nd6+ Kh8 20. Nf7+ Rxf7 21.
Qxf7 Ng8 22. Qf8 Rxc2 23. Rad1 Qc5 24. Qxc5 Rxc5 25. Rxd4 h5 26. Rd7 Rc4 27. b3
Rb4 28. Re3 Kh7 29. Rg3 Rg4 30. Rxg4 hxg4 31. Rxb7 1-0

[Event "rematch"]
[Site "http://www.queenalice.com/game.php?id=964260"]
[Date "2011.7.24"]
[Round "-"]
[White "Milpat"]
[Black "Gianuzio"]
[Result "0-1"]
[WhiteElo "1908"]
[BlackElo "1905"]

1. e4 d6 2. d4 Nf6 3. Bd3 g6 4. f4 Nbd7 5. Nf3 c5 6. c3 cxd4 7. cxd4 e5 8. fxe5
dxe5 9. dxe5 Ng4 10. e6 fxe6 11. Bb5 Qb6 12. Nd4 Bc5 13. Qxg4 Bxd4 14. Na3 Bf2+
15. Ke2 O-O 16. Bc4 Ne5 17. Qh3 Nxc4 18. Nxc4 Qc6 19. Qd3 e5 20. Nxe5 Qf6 21.
Nf3 Bb6 22. Rf1 Be6 23. e5 Qf7 24. b3 Rad8 25. Qc2 Bf5 26. Qb2 Bd3+ 27. Ke1 Bxf1
28. Kxf1 Rd1+ 29. Ke2 Qd5 0-1

[Event "Canada-Brazil"]
[Site "http://www.queenalice.com/game.php?id=964332"]
[Date "2011.7.24"]
[Round "-"]
[White "alexferreira"]
[Black "Milpat"]
[Result "0-1"]
[WhiteElo "1873"]
[BlackElo "1897"]

1. d4 Nf6 2. g3 c5 3. Bg2 cxd4 4. Qxd4 Nc6 5. Qd1 e5 6. Nf3 d5 7. Bg5 Be6 8. c3
Bc5 9. Nbd2 e4 10. Ng1 Bxf2+ 11. Kxf2 Ng4+ 12. Ke1 Qxg5 13. Nh3 Qh6 14. Nf4 e3
15. Nf1 Nf2 16. Qb3 O-O 17. Nxe3 Nxh1 18. Bxh1 Qxh2 19. Kd2 d4 0-1

[Event "I love my shixxx"]
[Site "http://www.queenalice.com/game.php?id=967454"]
[Date "2011.7.31"]
[Round "-"]
[White "shivaroxxx"]
[Black "Milpat"]
[Result "1-0"]
[WhiteElo "1187"]
[BlackElo "1905"]

1. e4 Nf6 2. e5 Nd5 3. d4 d6 4. Nf3 Bg4 5. Be2 Nc6 6. O-O g6 7. e6 fxe6 8. Ng5
Bxe2 9. Qxe2 Nxd4 10. Qc4 Bg7 11. c3 Nb6 12. Qd3 Nf5 13. g4 Qd7 14. gxf5 gxf5
15. Qe2 Rg8 16. Qh5+ Kd8 17. Qxh7 Qe8 18. Nxe6+ Kd7 19. Nxg7 Qf7 20. Bh6 Rxg7+
21. Bxg7 Rg8 22. Kh1 Rxg7 23. Qh6 Nc4 24. Qc1 Ne5 25. Nd2 Ng4 26. Nf3 e5 27. Qd2
e4 28. Ng5 Qh5 29. f4 Re7 30. h3 e3 31. Qd5 Nf2+ 32. Kg2 Qg6 33. Rxf2 exf2 34.
Kxf2 c6 35. Qf3 Qg8 36. b3 1-0

[Event "Rematch"]
[Site "http://www.queenalice.com/game.php?id=971566"]
[Date "2011.8.12"]
[Round "-"]
[White "Milpat"]
[Black "alexferreira"]
[Result "1-0"]
[WhiteElo "1892"]
[BlackElo "1826"]

1. Nf3 d5 2. c4 g6 3. cxd5 Qxd5 4. g3 Bg7 5. Bg2 Qd8 6. O-O Nf6 7. d4 c6 8. Nc3
O-O 9. Ne5 Nbd7 10. f4 Nxe5 11. fxe5 Nd5 12. e4 Nxc3 13. bxc3 b6 14. Bf4 Be6 15.
d5 Bd7 16. Qb3 c5 17. Rad1 e6 18. dxe6 fxe6 19. Bh3 Qe7 20. Rxd7 1-0

[Event "deluxe shixxx"]
[Site "http://www.queenalice.com/game.php?id=982011"]
[Date "2011.9.6"]
[Round "-"]
[White "Milpat"]
[Black "shivaroxxx"]
[Result "0-1"]
[WhiteElo "1905"]
[BlackElo "1187"]

1. e4 e5 2. Nf3 Nc6 3. Bb5 a6 4. Ba4 Nf6 5. O-O b5 6. Bb3 d6 7. Re1 Be7 8. c3
Na5 9. Bc2 c5 10. d4 Bg4 11. d5 h6 12. Nbd2 O-O 13. h3 Bh5 14. a4 c4 15. b4 Nb7
16. Nf1 Bg6 17. Nh4 Bh7 18. Ng3 Nxe4 19. Nhf5 Nxg3 20. Nxe7+ Qxe7 21. Bxh7+ Kxh7
22. fxg3 f5 23. Be3 Qf7 0-1